IDIMT-2021: Pandemics: Impacts, Strategies and Responses 29th Interdisciplinary Information Management Talks
Uložené v:
| Korporativný autor: | |
|---|---|
| Ďalší autori: | , , |
| Médium: | Kniha |
| Jazyk: | English |
| Vydavateľské údaje: |
Linz
TRAUNER Verlag
2021
|
| Vydanie: | 1st Edition |
| Edícia: | Schriftenreihe Informatik
50 |
| Predmet: | |
| Tagy: |
Žiadne tagy, Buďte prvý, kto otaguje tento záznam!
|
MARC
| LEADER | 00000nlm a2200000 4500 | ||
|---|---|---|---|
| 001 | 0278285 | ||
| 005 | 20240822101717.0 | ||
| 020 | |a 978-3-99113-261-5 | ||
| 041 | 0 | |a eng | |
| 044 | |a AT | ||
| 245 | 1 | 0 | |a IDIMT-2021: Pandemics: Impacts, Strategies and Responses |b 29th Interdisciplinary Information Management Talks |c Editors: Petr Doucek, Gerhard Chroust, Václav Oškrdal |
| 250 | |a 1st Edition | ||
| 264 | 1 | |a Linz |b TRAUNER Verlag |c 2021 | |
| 300 | |a 495 s. | ||
| 490 | 1 | |a Schriftenreihe Informatik |v 50 | |
| 830 | 0 | |a Schriftenreihe Informatik |v 50 | |
| 610 | 2 | 0 | |a pandémia |
| 610 | 2 | 0 | |a digitalizácia |
| 610 | 2 | 0 | |a priemysel 4.0 |
| 610 | 2 | 0 | |a inovácia |
| 610 | 2 | 0 | |a technológie nové |
| 700 | 1 | |a Doucek, Petr | |
| 700 | 1 | |a Chroust, Gerhard | |
| 700 | 1 | |a Oškrdal, Václav | |
| 110 | 2 | |a IDIMT-2021. 29th Interdisciplinary Information Management Talks | |